000 00384nam a22001217a 4500
008 230626b xxu||||| |||| 00| 0 eng d
020 _a9987666329
082 _a337.11
_bEAC 2005
245 _aReport of the Fifth Summit of the East African Community Heads of State
_bArusha, Tanzania
260 _aTanzania
_bEast African Community Secretaiat
_c2005
300 _a23p
942 _2ddc
_cBK
999 _c2692
_d2692